00835 a2200181 45000010006000000050017000060080041000230030015000640400040000790800100001192450071002190200022002902640029003123000019003415050240003600410008006001000045006086397220260521160827.0260521a1979 arg spa dAR-UNSa-BCEJYS aAR-UNSa-BCEJYSbspacAR-UNSa-BCEJYS a711.4xOrdenación urbana. Desarrollo urbano. Áreas edificadas. Conurbaciones. Asentamientos10aProyectos de desarrollo urbanopPlanificación e implementación a978-968-18-1001-6 1aMéxico :bLimusac1979 a167 p.c23 cm. a1. Los sistemas urbanos – 2. Implantación de proyectos de desarrollo urbano – 3. Estudios de caso en administración de proyectos de desarrollo urbano – 4. Ejercicios de administración de proyectos de desarrollo urbano –  aspa1 aBanco Interamericano de Desarrollo (BID)